Missing Word: Entertainment 'F' Quiz Stats

 Plays Quiz Updated Oct 30, 2018

Challenge
Share
Tweet
Embed
Score 0/20 Timer 04:00
1 Play Today
Hint Answer % Correct
MovieForrest
99.1%
MusicalFair
96%
MovieFuture
95.1%
MovieFight
92.5%
MusicalFiddler
91.5%
BookFall
91.3%
MovieFalcon
87.7%
MovieFast
84.9%
BookFathers
81.8%
BookFar
77.6%
Hint Answer % Correct
AlbumFingers
72.9%
MusicalFleet
65.4%
AlbumFolsom
64.8%
MusicalForum
57%
AlbumFrom
41.8%
BookFreedom
41.3%
AlbumFeeling
30.4%
MusicalFinian's
23%
AlbumFantasy
22%
BookFourth
20.1%

Today's Daily Dose

You're not logged in!

Compare scores with friends on all Sporcle quizzes.
OR
Log In

You Might Also Like...

Show Comments

Extras

Top Quizzes Today


Score Distribution

Your Account Isn't Verified!

In order to create a playlist on Sporcle, you need to verify the email address you used during registration. Go to your Sporcle Settings to finish the process.

Report this User

Report this user for behavior that violates our Community Guidelines.

Details: